00262nam a2200109 a 4500020001400000082001600014100001600030245003000046260004300076300000800119650002500127 a01956520400a954.025 BAS aBasham, A L aCultural History of India aLondonbOxford University Press c1994 a585 aHistiriography-India